[Event "ch-city"]
[Site "Milanowek"]
[Date "2012.07.01"]
[Round "2.11"]
[White "Woloszyn, Piotr"]
[Black "Wierzgala, Krzysztof"]
[Result "0-1"]
[WhiteElo "1581"]
[BlackElo "1752"]
[PlyCount "96"]
[EventDate "2012.07.01"]
[EventType "swiss"]
[EventCountry "POL"]

1. g3 d5 2. d4 Bf5 3. Bg2 Nf6 4. Nf3 Nbd7 5. O-O e6 6. c4 c6 7. c5 b6 8. cxb6
Qxb6 9. Nc3 Bd6 10. Nh4 Bg6 11. Na4 Qc7 12. Bg5 O-O 13. Rc1 Rac8 14. Nxg6 hxg6
15. Qd3 Qa5 16. b3 Qb5 17. Qd1 Ba3 18. Rc2 c5 19. Bc1 Bb4 20. dxc5 Bxc5 21.
Nxc5 Rxc5 22. Be3 Rxc2 23. Qxc2 Nb6 24. Bxb6 Qxb6 25. e3 Qb8 26. Rc1 Ne8 27.
Qc8 Qb4 28. Qc3 Qb6 29. Qc5 Qa6 30. a4 Nf6 31. Bf1 Qb7 32. Qb5 Qe7 33. f3 Rd8
34. Qa5 Ne8 35. b4 d4 36. Rd1 e5 37. e4 Rc8 38. Bd3 Rc3 39. Kg2 Nd6 40. b5 f5
41. b6 axb6 42. Qxb6 fxe4 43. fxe4 Ra3 44. a5 Ra2+ 45. Kh3 Qg5 46. Bc4+ Nxc4
47. Qe6+ Kh7 48. Qg4 Rxh2+ 0-1

[Event "ch-city"]
[Site "Milanowek"]
[Date "2012.07.01"]
[Round "2.12"]
[White "Fraczek, Lukasz"]
[Black "Kowalik, Pawel"]
[Result "1-0"]
[WhiteElo "1557"]
[BlackElo "1722"]
[PlyCount "127"]
[EventDate "2012.07.01"]
[EventType "swiss"]
[EventCountry "POL"]

1. e4 e6 2. d3 d5 3. Nd2 c5 4. Ngf3 Nf6 5. g3 b6 6. Bg2 Bb7 7. e5 Nfd7 8. O-O
Be7 9. Re1 O-O 10. Nf1 Nc6 11. h4 Re8 12. N1h2 Nf8 13. Ng5 h6 14. Nh3 Ng6 15.
Bf4 Nxf4 16. Nxf4 Qc7 17. Qh5 Bf8 18. Nf3 g6 19. Qg4 Bg7 20. h5 g5 21. Nxg5
hxg5 22. Qxg5 Qe7 23. Qg4 Kh7 24. h6 Bh8 25. Nxd5 exd5 26. Bxd5 Rg8 27. Qf5+
Kxh6 28. Bxf7 Rg5 29. Qh3+ Kg7 30. e6 Nd4 31. f4 Nf3+ 32. Kf2 Qf6 33. Rh1 Qd4+
34. Ke2 Re5+ 35. fxe5 Qxe5+ 36. Kf2 Qd4+ 37. Kf1 Nd2+ 38. Ke2 Bxh1 39. Rxh1
Qe5+ 40. Kxd2 Qg5+ 41. Kd1 Kf6 42. Qh4 Qxh4 43. gxh4 Ke7 44. c3 Bf6 45. h5 Rh8
46. Re1 Bg7 47. Kc2 Rd8 48. Rg1 Bh6 49. Rg2 Bf4 50. Rg8 Rxg8 51. Bxg8 Bh6 52.
b4 cxb4 53. cxb4 Bg7 54. Kb3 Kd6 55. Kc4 a6 56. Bf7 Bf8 57. a4 Kc6 58. b5+
axb5+ 59. axb5+ Kd6 60. Kd4 Bg7+ 61. Ke4 Bf8 62. Kf5 Kc5 63. Be8 Kd6 64. Bd7
1-0

[Event "ch-city"]
[Site "Milanowek"]
[Date "2012.07.01"]
[Round "2.13"]
[White "Kolinski, Daniel"]
[Black "Trocha, Adam"]
[Result "0-1"]
[WhiteElo "1713"]
[BlackElo "1560"]
[PlyCount "70"]
[EventDate "2012.07.01"]
[EventType "swiss"]
[EventCountry "POL"]

1. e4 c5 2. Nf3 Nc6 3. d4 cxd4 4. Nxd4 Nf6 5. Nc3 d6 6. f3 a6 7. Be3 e6 8. Qd2
Be7 9. Bd3 O-O 10. g4 Nd7 11. O-O-O Nde5 12. f4 Nxd4 13. Bxd4 Nf3 14. Qf2 Nxd4
15. Qxd4 e5 16. fxe5 dxe5 17. Qxe5 Re8 18. Qg3 Bh4 19. Qf3 Qg5+ 20. Rd2 Bxg4
21. Qf1 Qh6 22. Qg2 Bg5 23. h3 Bxd2+ 24. Qxd2 Qxd2+ 25. Kxd2 Bf3 26. Rg1 Rad8
27. Ke3 Bh5 28. Bc4 b5 29. Nxb5 axb5 30. Bxb5 Re5 31. a4 f5 32. Kf4 Rxe4+ 33.
Kxf5 Rb4 34. c4 Rxb2 35. c5 Rd5+ 0-1

[Event "ch-city"]
[Site "Milanowek"]
[Date "2012.07.01"]
[Round "2.14"]
[White "Jarzebowski, Kacper"]
[Black "Rzeszowski, Dominik"]
[Result "1-0"]
[WhiteElo "1301"]
[BlackElo "1632"]
[PlyCount "37"]
[EventDate "2012.07.01"]
[EventType "swiss"]
[EventCountry "POL"]

1. e4 e5 2. Nf3 Nc6 3. Bb5 f5 4. exf5 e4 5. Bxc6 dxc6 6. Ne5 Qd4 7. Qh5+ Ke7 8.
Qf7+ Kd6 9. Nc4+ Kc5 10. c3 Qf6 11. b4+ Kb5 12. a4+ Ka6 13. Qxc7 b5 14. axb5+
Kxb5 15. Nba3+ Ka4 16. Qa5+ Kb3 17. Rb1+ Ka2 18. Rb2+ Ka1 19. Nc2# 1-0

[Event "ch-city"]
[Site "Milanowek"]
[Date "2012.07.02"]
[Round "3.1"]
[White "Grochulski, Grzegorz"]
[Black "Janczarski, Michal"]
[Result "1/2-1/2"]
[WhiteElo "2090"]
[BlackElo "2345"]
[Annotator "Admin"]
[PlyCount "118"]
[EventDate "2012.06.30"]
[EventCountry "POL"]

1. e4 c5 2. c3 d6 3. d4 Qc7 4. Nf3 Bg4 5. Be3 Nd7 6. Nbd2 Ngf6 7. Bd3 e6 8. O-O
Be7 9. h3 Bh5 10. Re1 a6 11. a4 Rc8 12. b4 cxd4 13. cxd4 O-O 14. Rc1 Qb8 15. a5
Bg6 16. Qb3 Rxc1 17. Rxc1 Rc8 18. Rxc8+ Qxc8 19. Nh4 Bxe4 20. Bxe4 Nxe4 21.
Nxe4 Bxh4 22. Nxd6 Qc6 23. Nc4 Be7 24. Bd2 Kf8 25. Na3 Nf6 26. b5 Qd5 27. Qd3
Bxa3 28. Qxa3+ Kg8 29. bxa6 bxa6 30. Qb4 Qa8 31. Qc4 Qb7 32. Bf4 h6 33. Be5 Nd5
34. Kh2 f6 35. Bd6 Kf7 36. Qe2 Qc6 37. Bg3 Ne7 38. Qh5+ Kg8 39. Qe2 Nd5 40. Kg1
Nb4 41. Bf4 Kh8 42. Qd2 Nd5 43. Bg3 Qc4 44. Bd6 Nc3 45. Bc5 Ne2+ 46. Kh2 Nc1
47. Qd1 Kh7 48. Kg1 Nb3 49. Bb6 f5 50. Kh2 Kg6 51. h4 Nc1 52. h5+ Kh7 53. Qf3
Qe2 54. Qxe2 Nxe2 55. g3 Kg8 56. Kg2 Kf7 57. Kf3 Nc3 58. Kf4 Nd1 59. d5 Nc3 $11
1/2-1/2

[Event "ch-city"]
[Site "Milanowek"]
[Date "2012.07.02"]
[Round "3.2"]
[White "Cyra, Dariusz"]
[Black "Goslawski, Michal"]
[Result "0-1"]
[WhiteElo "1819"]
[BlackElo "2113"]
[PlyCount "94"]
[EventDate "2012.06.30"]
[EventCountry "POL"]

1. d4 Nf6 2. c4 e6 3. Nc3 Bb4 4. a3 Bxc3+ 5. bxc3 O-O 6. e3 d6 7. Bd3 e5 8. f3
b6 9. Ne2 Bb7 10. e4 Nbd7 11. O-O Re8 12. Bg5 h6 13. Bh4 Nf8 14. f4 exf4 15.
Bxf6 Qxf6 16. Rxf4 Qg5 17. Qc2 Ng6 18. Rf3 Re7 19. Re1 Rae8 20. Ng3 Nh4 21. Rf2
f5 22. Nxf5 Nxf5 23. Rxf5 Qxf5 24. exf5 Rxe1+ 25. Kf2 Be4 26. Bxe4 R1xe4 27.
Kf3 Re3+ 28. Kf2 Kf7 29. h3 Kf6 30. Qd2 Kxf5 31. Qxe3 Rxe3 32. Kxe3 h5 33. Kf3
h4 34. d5 g6 35. g4+ Ke5 36. a4 a6 37. Ke3 g5 38. Kf3 b5 39. cxb5 axb5 40. a5
Kxd5 41. a6 Kc6 42. Ke4 Kb6 43. Kf5 c5 44. Kxg5 b4 45. cxb4 cxb4 46. Kxh4 b3
47. g5 b2 0-1

[Event "ch-city"]
[Site "Milanowek"]
[Date "2012.07.02"]
[Round "3.3"]
[White "Sielicki, Tomasz"]
[Black "Liberadzki, Slawomir"]
[Result "1/2-1/2"]
[WhiteElo "2011"]
[BlackElo "2080"]
[Annotator "Admin"]
[PlyCount "50"]
[EventDate "2012.06.30"]
[EventCountry "POL"]

1. d4 d5 2. Bg5 Nd7 3. Nf3 Ngf6 4. e3 e6 5. Bd3 Be7 6. Nbd2 b6 7. Ne5 Nxe5 8.
dxe5 Nd7 9. Bxe7 Qxe7 10. f4 Bb7 11. Qe2 Nc5 12. Nb3 O-O-O 13. Nd4 Nxd3+ 14.
cxd3 Kb8 15. O-O a6 16. Rab1 c5 17. Nf3 Rc8 18. b4 cxb4 19. Nd4 Rc3 20. f5 exf5
21. Rxf5 Rhc8 22. Qd2 Ka7 23. Rbf1 R8c7 24. Rxf7 Qxe5 25. R7f5 Qe7 $11 1/2-1/2

[Event "ch-city"]
[Site "Milanowek"]
[Date "2012.07.02"]
[Round "3.4"]
[White "Hagner, Pawel"]
[Black "Borowy, Cezary"]
[Result "1/2-1/2"]
[WhiteElo "1828"]
[BlackElo "1851"]
[Annotator "Admin"]
[PlyCount "52"]
[EventDate "2012.06.30"]
[EventCountry "POL"]

1. d4 Nf6 2. Nf3 d5 3. Bg5 Ne4 4. Bh4 c5 5. e3 Qb6 6. Qc1 Bf5 7. c3 Nc6 8. Nbd2
e6 9. Be2 Bd6 10. Nxe4 Bxe4 11. Qd2 O-O 12. O-O c4 13. Ng5 Bg6 14. f4 Qc7 15.
Nf3 Bh5 16. Ne5 Bxe2 17. Qxe2 f5 18. Rf3 Nxe5 19. fxe5 Be7 20. Bxe7 Qxe7 21.
Raf1 g5 22. g4 fxg4 23. Rxf8+ Rxf8 24. Rxf8+ Kxf8 25. Qxg4 Kg7 26. e4 Kg6 $11
1/2-1/2

[Event "ch-city"]
[Site "Milanowek"]
[Date "2012.07.02"]
[Round "3.5"]
[White "Olejarczyk, Bogdan"]
[Black "Dabrowski, Mikolaj"]
[Result "1-0"]
[WhiteElo "2132"]
[BlackElo "1521"]
[PlyCount "105"]
[EventDate "2012.06.30"]
[EventCountry "POL"]

1. d4 Nf6 2. Nf3 e6 3. c4 b6 4. Nbd2 Bb7 5. Qc2 Bb4 6. e3 Ne4 7. a3 Nxd2 8.
Nxd2 Bxd2+ 9. Bxd2 f5 10. f3 Qh4+ 11. Ke2 O-O 12. g3 Qh5 13. Bg2 d6 14. Kf2 Nd7
15. Rhf1 Rf6 16. Kg1 e5 17. h3 Qg6 18. Kh2 e4 19. f4 h5 20. h4 c5 21. Bc3 Rff8
22. Rfd1 Nf6 23. Qd2 Ng4+ 24. Kh3 cxd4 25. Bxd4 Rac8 26. Rac1 Qe6 27. Bf1 Kh7
28. b3 Rfd8 29. Kg2 Ba6 30. Be2 Qf7 31. Rc3 Rc7 32. Rdc1 Rdc8 33. R3c2 Qe6 34.
Qb4 Qd7 35. Bd1 d5 36. c5 bxc5 37. Rxc5 Rxc5 38. Rxc5 Rc7 39. Qa5 Rc6 40. Rxd5
Rd6 41. Rxd6 Qxd6 42. Qxf5+ Qg6 43. Qxg6+ Kxg6 44. a4 Nf6 45. Bxa7 Bd3 46. b4
Nd5 47. b5 Nc3 48. Bb3 Kf5 49. Kf2 Ne2 50. Bd4 Nxd4 51. exd4 Kf6 52. b6 Ba6 53.
Bd5 1-0

[Event "ch-city"]
[Site "Milanowek"]
[Date "2012.07.02"]
[Round "3.6"]
[White "Trocha, Adam"]
[Black "Tomaszewska, Luiza"]
[Result "0-1"]
[WhiteElo "1560"]
[BlackElo "1969"]
[PlyCount "124"]
[EventDate "2012.06.30"]
[EventCountry "POL"]

1. c4 Nf6 2. Nc3 d6 3. g3 g6 4. Bg2 Bg7 5. Nf3 O-O 6. O-O c5 7. d3 Nc6 8. Bd2
e6 9. a3 d5 10. cxd5 exd5 11. Rc1 b6 12. Bf4 Bb7 13. Nb5 a6 14. Nd6 Ra7 15. b4
Ba8 16. bxc5 bxc5 17. e4 Nh5 18. Qd2 Nxf4 19. Qxf4 h6 20. exd5 g5 21. Qe3 Nd4
22. Ne4 Nxf3+ 23. Bxf3 Bd4 24. Qe2 Re8 25. Qd1 Bxd5 26. Nc3 Be6 27. Bg2 Qa5 28.
Qa4 Qxa4 29. Nxa4 Rc7 30. Rfe1 Rb8 31. Rb1 Rb5 32. Nb6 Ba2 33. Rxb5 axb5 34.
Nd5 Bxd5 35. Bxd5 Ra7 36. Re8+ Kg7 37. Ra8 Re7 38. Kf1 Re5 39. Be4 c4 40. dxc4
Rxe4 41. cxb5 Bc5 42. a4 Rb4 43. f3 Rb2 44. Rc8 Bd4 45. Rc4 Be5 46. Re4 Kf6 47.
Re2 Rb1+ 48. Re1 Rb4 49. Re4 Rxe4 50. fxe4 Bc7 51. Ke2 Ke5 52. Kd3 Bb6 53. h3
h5 54. h4 gxh4 55. gxh4 f6 56. Kc3 Kxe4 57. Kb4 Kd4 58. a5 Bc5+ 59. Ka4 Kc4 60.
b6 f5 61. b7 Ba7 62. a6 f4 0-1

[Event "ch-city"]
[Site "Milanowek"]
[Date "2012.07.02"]
[Round "3.7"]
[White "Kowalska, Elzbieta"]
[Black "Grabarczyk, Sylwester"]
[Result "1/2-1/2"]
[WhiteElo "1944"]
[BlackElo "1738"]
[PlyCount "121"]
[EventDate "2012.06.30"]
[EventCountry "POL"]

1. e4 e5 2. Nf3 d5 3. exd5 Qxd5 4. Nc3 Qe6 5. b3 c6 6. Bb2 Nd7 7. Bc4 Qe7 8.
Qe2 f5 9. a4 e4 10. Nd4 Ndf6 11. Ba3 c5 12. Qd1 Qe5 13. Nde2 f4 14. d4 Qg5 15.
g3 e3 16. f3 fxg3 17. hxg3 Bd6 18. Bb5+ Bd7 19. Bxd7+ Nxd7 20. Ne4 Qg6 21.
Nxd6+ Qxd6 22. dxc5 Qf6 23. Nd4 Qe5 24. f4 Qe4 25. O-O Ngf6 26. Qd3 O-O-O 27.
c6 Nb6 28. Qxe4 Nxe4 29. cxb7+ Kxb7 30. Bb2 Nxg3 31. Rf3 Rxd4 32. Rxg3 Rxf4 33.
Rxe3 Rf7 34. Rae1 Nd5 35. Re5 Rd8 36. c4 Nf4 37. Re7+ Rd7 38. Rxf7 Rxf7 39. Bd4
Nh3+ 40. Kg2 Nf4+ 41. Kh2 Rd7 42. Re4 Nd3 43. Kg3 g6 44. a5 a6 45. Be3 Nb4 46.
Bc5 Rd3+ 47. Re3 Rxe3+ 48. Bxe3 Nc6 49. Bd2 Nd4 50. b4 Kc6 51. Kg4 Ne6 52. Kf3
h5 53. Ke4 h4 54. Be3 g5 55. Kf5 h3 56. Bg1 Nd4+ 57. Kg4 Nc2 58. b5+ axb5 59.
cxb5+ Kxb5 60. Kxh3 Kxa5 61. Kg4 1/2-1/2

[Event "ch-city"]
[Site "Milanowek"]
[Date "2012.07.02"]
[Round "3.9"]
[White "Rogalski, Krzysztof"]
[Black "Jarzebowski, Kacper"]
[Result "1-0"]
[WhiteElo "1855"]
[BlackElo "1301"]
[PlyCount "115"]
[EventDate "2012.06.30"]
[EventCountry "POL"]

1. d4 Nf6 2. c4 d6 3. Nf3 g6 4. Nc3 Bg7 5. e4 Bg4 6. Be2 Nbd7 7. Be3 Bxf3 8.
Bxf3 b6 9. e5 dxe5 10. Bxa8 Qxa8 11. O-O O-O 12. d5 Ne8 13. Rc1 f5 14. f3 Nd6
15. Qe2 a6 16. b4 f4 17. Bf2 Nf5 18. Ne4 Nd6 19. Ng5 Bf6 20. Ne6 Rc8 21. Rfd1
Nf8 22. Nxf8 Rxf8 23. c5 bxc5 24. bxc5 Nf5 25. Qe4 h5 26. g4 fxg3 27. hxg3 Kg7
28. Rb1 Nh6 29. d6 Qxe4 30. fxe4 cxd6 31. cxd6 exd6 32. Rxd6 Ng4 33. Rxa6 g5
34. Rb7+ Kg8 35. Bc5 Rd8 36. Bd6 h4 37. gxh4 gxh4 38. Rb8 Rxb8 39. Bxb8 h3 40.
Bxe5 Bxe5 41. Rg6+ Kf7 42. Rxg4 Kf6 43. Rh4 Bd4+ 44. Kh2 Ke5 45. Kxh3 Bf2 46.
Rg4 Be3 47. Kg3 Bd2 48. Kf3 Kf6 49. Ke2 Bc3 50. Kd3 Ba5 51. Kc4 Ke6 52. Rg6+
Kf7 53. Rc6 Ke7 54. Kb5 Bd8 55. a4 Kd7 56. Rg6 Kc8 57. Kc6 Kb8 58. Rg8 1-0

[Event "ch-city"]
[Site "Milanowek"]
[Date "2012.07.02"]
[Round "3.10"]
[White "Wierzgala, Krzysztof"]
[Black "Fraczek, Lukasz"]
[Result "1/2-1/2"]
[WhiteElo "1752"]
[BlackElo "1557"]
[PlyCount "109"]
[EventDate "2012.06.30"]
[EventCountry "POL"]

1. e4 c5 2. Nf3 Nc6 3. c3 d6 4. Be2 Nf6 5. Qc2 e6 6. O-O Be7 7. d4 cxd4 8. cxd4
O-O 9. a3 Bd7 10. Nc3 Rc8 11. Bg5 e5 12. Qd2 Bg4 13. Bxf6 Bxf6 14. d5 Bxf3 15.
Bxf3 Nd4 16. Bd1 Qb6 17. Rb1 h6 18. Qd3 Bg5 19. Ne2 Qb5 20. Qxb5 Nxb5 21. Ba4
Nc7 22. Bd7 Rcd8 23. Bg4 Na6 24. b4 g6 25. g3 f5 26. Bf3 Rc8 27. h4 Bd8 28.
Rbc1 Bb6 29. Rxc8 Rxc8 30. Rc1 Rxc1+ 31. Nxc1 Nc7 32. a4 a5 33. b5 Bc5 34. Nd3
Ba3 35. g4 f4 36. Kg2 Na8 37. Bd1 Nb6 38. Bb3 Nd7 39. Kf3 Nc5 40. Nxc5 Bxc5 41.
Kg2 Kf7 42. f3 Ke7 43. Kh3 h5 44. gxh5 gxh5 45. Bd1 Bf2 46. Be2 Kd7 47. b6 Bxb6
48. Bb5+ Kd8 49. Kg2 Bd4 50. Kf1 Bc3 51. Ke2 Bb4 52. Kf1 Bc5 53. Kg2 Bd4 54.
Kf1 Be3 55. Kg2 1/2-1/2

[Event "ch-city"]
[Site "Milanowek"]
[Date "2012.07.02"]
[Round "3.11"]
[White "Starczewski, Michal"]
[Black "Szustakowski, Antoni"]
[Result "1-0"]
[WhiteElo "1541"]
[BlackElo "1485"]
[PlyCount "115"]
[EventDate "2012.06.30"]
[EventCountry "POL"]

1. f4 Nf6 2. Nf3 g6 3. b3 Bg7 4. Bb2 e5 5. e3 Nc6 6. Be2 d5 7. O-O O-O 8. Qe1
Bg4 9. Ng5 Bxe2 10. Qxe2 h6 11. Nf3 a6 12. a4 Rb8 13. d4 Ne4 14. Nbd2 Nxd2 15.
Qxd2 b5 16. Nxe5 Nxe5 17. fxe5 c5 18. axb5 axb5 19. Ba3 Qc7 20. Bxc5 Bxe5 21.
Ra7 Bxh2+ 22. Kh1 Qg3 23. Rf3 Qg4 24. Kxh2 Rfe8 25. Re7 Rxe7 26. Bxe7 Qe6 27.
Bc5 Kg7 28. Qf2 h5 29. Qg3 Rb7 30. Qd6 Qxd6+ 31. Bxd6 Rb6 32. Bc5 Ra6 33. c4
bxc4 34. b4 Re6 35. Kg3 f5 36. Kf4 Re4+ 37. Kg3 Re6 38. Kf2 Kf7 39. Rh3 Kg7 40.
Rh1 Kf6 41. Ra1 Rc6 42. Ra7 Ke6 43. Kf3 Kf6 44. Be7+ Kf7 45. Kf4 Re6 46. Bd6+
Ke8 47. Be5 Re7 48. Rxe7+ Kxe7 49. Kg5 Kf7 50. g3 Ke6 51. Kxg6 f4 52. exf4 h4
53. gxh4 Ke7 54. h5 Kf8 55. h6 Ke8 56. h7 Ke7 57. h8=Q Kd7 58. Qf6 1-0

[Event "ch-city"]
[Site "Milanowek"]
[Date "2012.07.02"]
[Round "3.12"]
[White "Katus, Tomasz"]
[Black "Tomaszewski, Wieslaw"]
[Result "1-0"]
[WhiteElo "1841"]
[BlackElo "1619"]
[PlyCount "97"]
[EventDate "2012.06.30"]
[EventCountry "POL"]

1. e4 e6 2. d4 b6 3. Nc3 a6 4. Be3 d6 5. Bc4 Nd7 6. Qd2 Be7 7. f3 Bh4+ 8. g3
Be7 9. O-O-O c5 10. a4 cxd4 11. Bxd4 e5 12. Be3 Qc7 13. Bd5 Rb8 14. h4 Ngf6 15.
g4 Bb7 16. Bxb7 Qxb7 17. g5 Nh5 18. Nd5 Bf8 19. Ne2 Nc5 20. Nec3 Rc8 21. b4 Nd7
22. Qf2 b5 23. a5 Rc6 24. Kb2 g6 25. Rd3 Qc8 26. Nb6 Nxb6 27. axb6 Nf4 28. Bxf4
exf4 29. Nd5 Bg7+ 30. Kb3 Be5 31. h5 Rc4 32. hxg6 fxg6 33. Qh2 a5 34. bxa5 Ra4
35. Nc7+ Kf7 36. Qh3 Qxh3 37. Rxh3 Rxa5 38. Kb4 Ra2 39. Kxb5 Rxc2 40. Ra3 Rg2
41. Ra7 Rb2+ 42. Kc4 Rc2+ 43. Kd3 Rc3+ 44. Kd2 Rb3 45. Nd5+ Ke8 46. b7 h5 47.
Nf6+ Bxf6 48. gxf6 Kd8 49. Ra8+ 1-0

[Event "ch-city"]
[Site "Milanowek"]
[Date "2012.07.02"]
[Round "3.13"]
[White "Kowalik, Pawel"]
[Black "Woloszyn, Piotr"]
[Result "1/2-1/2"]
[WhiteElo "1722"]
[BlackElo "1581"]
[Annotator "Admin"]
[PlyCount "41"]
[EventDate "2012.06.30"]
[EventCountry "POL"]

1. c4 e5 2. Nc3 Nf6 3. Nf3 d6 4. g3 g6 5. Bg2 Bg7 6. d4 Nbd7 7. b3 exd4 8. Nxd4
O-O 9. Bb2 Re8 10. O-O a6 11. Nf3 Ne4 12. Rc1 Nxc3 13. Bxc3 Bxc3 14. Rxc3 Qf6
15. Rc2 Rb8 16. e3 Ne5 17. Nxe5 Qxe5 18. Qd5 Bf5 19. Qxe5 Rxe5 20. Rd2 h5 21.
Rd5 $11 1/2-1/2

[Event "ch-city"]
[Site "Milanowek"]
[Date "2012.07.02"]
[Round "3.14"]
[White "Rzeszowski, Dominik"]
[Black "Kolinski, Daniel"]
[Result "1-0"]
[WhiteElo "1627"]
[BlackElo "1713"]
[PlyCount "33"]
[EventDate "2012.06.30"]
[EventCountry "POL"]

1. e4 e5 2. Nf3 Nc6 3. d4 exd4 4. Bc4 Bc5 5. c3 Nf6 6. e5 Ng4 7. Bxf7+ Kxf7 8.
Ng5+ Kf8 9. Qxg4 Nxe5 10. Qf5+ Qf6 11. Nxh7+ Rxh7 12. Qxh7 d3 13. O-O Ng4 14.
Be3 Nxe3 15. Qh8+ Kf7 16. Qh5+ Kf8 17. Qxc5+ 1-0

[Event "ch-city"]
[Site "Milanowek"]
[Date "2012.07.03"]
[Round "4.1"]
[White "Goslawski, Michal"]
[Black "Janczarski, Michal"]
[Result "1/2-1/2"]
[WhiteElo "2113"]
[BlackElo "2345"]
[PlyCount "91"]
[EventDate "2012.06.30"]
[EventType "swiss"]
[EventCountry "POL"]

1. e4 c6 2. d4 d5 3. e5 g6 4. h3 h5 5. Nf3 Nh6 6. Be2 b6 7. O-O Bg7 8. b3 O-O
9. c4 Nf5 10. Nc3 dxc4 11. bxc4 c5 12. dxc5 bxc5 13. Qd5 Qxd5 14. Nxd5 Nc6 15.
Ba3 Nxe5 16. Rab1 Be6 17. Nxe5 Bxe5 18. Bxc5 Bxd5 19. cxd5 Bd6 20. Rfc1 Rfc8
21. Bxd6 Nxd6 22. Bd3 Rxc1+ 23. Rxc1 Rc8 24. Rc6 Kf8 25. Ra6 Rc3 26. Bf1 Rc1
27. g3 Ne4 28. Kg2 Rc2 29. Bd3 Nc5 30. Bxc2 Nxa6 31. Ba4 Nb4 32. Bb3 Ke8 33. a3
Nd3 34. Ba4+ Kd8 35. f4 Nc5 36. Bc6 Ne4 37. g4 hxg4 38. hxg4 Kc7 39. Kf3 Nd2+
40. Ke3 Nc4+ 41. Kd4 Nd6 42. Kc5 Ne4+ 43. Kd4 Nd6 44. Kc5 Kd8 45. Kd4 Kc7 46.
Kc5 1/2-1/2

[Event "ch-city"]
[Site "Milanowek"]
[Date "2012.07.03"]
[Round "4.2"]
[White "Liberadzki, Slawomir"]
[Black "Grochulski, Grzegorz"]
[Result "0-1"]
[WhiteElo "2080"]
[BlackElo "2090"]
[PlyCount "120"]
[EventDate "2012.06.30"]
[EventType "swiss"]
[EventCountry "POL"]

1. c4 e5 2. Nc3 Nf6 3. g3 Bc5 4. Bg2 O-O 5. e3 Re8 6. Nge2 d6 7. d4 Bb6 8. O-O
c6 9. h3 Bf5 10. b4 Nbd7 11. Bb2 h6 12. Kh2 e4 13. f3 exf3 14. Rxf3 Bg6 15. Nf4
Bh7 16. Nd3 Ne4 17. Nxe4 Bxe4 18. Rf4 Bxg2 19. Kxg2 Rxe3 20. d5 Qe7 21. c5 dxc5
22. dxc6 bxc6 23. Qg4 Qg5 24. bxc5 Rxd3 25. cxb6 Rd2+ 26. Rf2 Rxf2+ 27. Kxf2
Qxg4 28. hxg4 axb6 29. a3 Nc5 30. Rd1 f6 31. Kf3 Kf7 32. Rd6 Rc8 33. Bd4 Ke7
34. Bxc5 bxc5 35. Rd3 Ra8 36. Kf4 Ke6 37. Re3+ Kf7 38. Rc3 Ra4+ 39. Kf3 Ke6 40.
Re3+ Kd6 41. Rd3+ Rd4 42. Rb3 g5 43. Rb8 Rd3+ 44. Ke4 Rxa3 45. Kf5 Rf3+ 46. Kg6
Rxg3 47. Kxf6 Rxg4 48. Rd8+ Kc7 49. Rd1 c4 50. Kg6 Rh4 51. Kf5 Kb6 52. Rb1+ Kc5
53. Rc1 Kd4 54. Rd1+ Kc3 55. Rd6 Kb3 56. Rxc6 c3 57. Rb6+ Rb4 58. Rxh6 c2 59.
Rh1 Kb2 60. Kxg5 c1=Q+ 0-1

[Event "ch-city"]
[Site "Milanowek"]
[Date "2012.07.03"]
[Round "4.3"]
[White "Borowy, Cezary"]
[Black "Olejarczyk, Bogdan"]
[Result "0-1"]
[WhiteElo "1851"]
[BlackElo "2132"]
[PlyCount "134"]
[EventDate "2012.06.30"]
[EventType "swiss"]
[EventCountry "POL"]

1. e4 d5 2. exd5 Qxd5 3. Nc3 Qd6 4. d4 Nf6 5. Nf3 c6 6. Ne5 Nbd7 7. Nc4 Qc7 8.
Qf3 Nb6 9. Bf4 Qd8 10. Be5 Be6 11. Ne3 Nbd5 12. Ncxd5 Nxd5 13. O-O-O Qa5 14. a3
Nxe3 15. fxe3 f6 16. Bg3 g6 17. e4 Bh6+ 18. Kb1 Rd8 19. Be1 Qc7 20. h4 Kf7 21.
Bg3 Qa5 22. Be1 Qa4 23. Bf2 Bc4 24. Bxc4+ Qxc4 25. g4 Bg7 26. g5 Rhf8 27. gxf6
exf6 28. h5 f5 29. hxg6+ hxg6 30. exf5 Kg8 31. Qh3 Rxf5 32. Qh7+ Kf7 33. Qh2
Qd5 34. Rhg1 Re8 35. Rgf1 Re2 36. Qc7+ Kg8 37. Qg3 Qe4 38. Qb3+ Qd5 39. Qxd5+
Rxd5 40. c3 Rf5 41. Bg1 Kf7 42. Rde1 Rxf1 43. Rxf1+ Ke6 44. d5+ cxd5 45. Bxa7
g5 46. a4 g4 47. Bb8 Be5 48. Bxe5 Rxe5 49. Kc2 g3 50. Kd3 Re4 51. Rg1 Rg4 52.
Ke3 Kd6 53. b3 Rg7 54. Kf3 Rc7 55. Rc1 d4 56. c4 Rg7 57. b4 g2 58. Rg1 Rc7 59.
c5+ Kd5 60. Rxg2 Kc4 61. Ke4 Re7+ 62. Kf3 Kxb4 63. Rb2+ Kxc5 64. Rc2+ Kb4 65.
Rd2 Kc3 66. Re2 Rxe2 67. Kxe2 Kc2 0-1

[Event "ch-city"]
[Site "Milanowek"]
[Date "2012.07.03"]
[Round "4.4"]
[White "Sielicki, Tomasz"]
[Black "Cyra, Dariusz"]
[Result "1-0"]
[WhiteElo "2011"]
[BlackElo "1819"]
[PlyCount "133"]
[EventDate "2012.06.30"]
[EventType "swiss"]
[EventCountry "POL"]

1. d4 c5 2. d5 g6 3. c4 b5 4. cxb5 a6 5. b6 Qxb6 6. Nc3 Nf6 7. e4 d6 8. Nf3
Nbd7 9. Be2 Bg7 10. O-O O-O 11. h3 Ne8 12. Nd2 Qa7 13. a4 Nc7 14. Nc4 Ne5 15.
Ne3 a5 16. f4 Nd7 17. Nc4 Nb6 18. Na3 Ba6 19. Nab5 Bxb5 20. Nxb5 Qb7 21. Rb1
Na6 22. b3 Nb4 23. Na3 Na2 24. Bd2 Nc3 25. Bxc3 Bxc3 26. Nb5 Bg7 27. Bf3 f6 28.
Qd3 Nc8 29. Bg4 Qb6 30. Be6+ Kh8 31. Kh1 Na7 32. Na3 Nc8 33. Nc4 Qb4 34. e5
dxe5 35. fxe5 Rd8 36. Rbe1 Nb6 37. exf6 Bxf6 38. Ne5 Bxe5 39. Rxe5 Qd4 40. Qxd4
cxd4 41. Rd1 Nd7 42. Ree1 Nc5 43. Rxd4 Nxb3 44. Rc4 Ra7 45. Re2 Rf8 46. Rb2 Nc1
47. Rxc1 Rf4 48. g4 Rxa4 49. g5 Ra8 50. Rb7 Rh4 51. Kg2 Rh5 52. h4 Rxh4 53. Kg3
Rd4 54. Rxe7 a4 55. Rcc7 Rd3+ 56. Kf4 Rd4+ 57. Ke5 Rh4 58. Ra7 Rf8 59. Rf7 Rd8
60. Rf4 Rh5 61. Kf6 Rf8+ 62. Bf7 h6 63. gxh6 Rxh6 64. Raxa4 Kh7 65. Rh4 g5+ 66.
Rxh6+ Kxh6 67. Ra1 1-0

[Event "ch-city"]
[Site "Milanowek"]
[Date "2012.07.03"]
[Round "4.5"]
[White "Tomaszewska, Luiza"]
[Black "Hagner, Pawel"]
[Result "1-0"]
[WhiteElo "1969"]
[BlackElo "1828"]
[PlyCount "77"]
[EventDate "2012.06.30"]
[EventType "swiss"]
[EventCountry "POL"]

1. d4 Nf6 2. Nf3 g6 3. Bf4 Bg7 4. e3 O-O 5. Bd3 d6 6. Nbd2 Nbd7 7. h3 Re8 8.
Bg5 h6 9. Bh4 g5 10. Bg3 e5 11. dxe5 dxe5 12. Bc4 a6 13. h4 g4 14. Ng5 Re7 15.
Nge4 Nb6 16. Bb3 Bf5 17. Nxf6+ Bxf6 18. e4 Bc8 19. Qe2 c5 20. O-O-O Qc7 21. h5
Bg5 22. Bh4 c4 23. Bxc4 Nxc4 24. Bxg5 Na3 25. Nc4 hxg5 26. Nxa3 Be6 27. Kb1 b5
28. c3 Qa5 29. Qe3 f6 30. Qc5 Rae8 31. Rd6 Kf7 32. Qc6 Qa4 33. f3 gxf3 34. gxf3
f5 35. h6 fxe4 36. h7 Rh8 37. fxe4 Kg7 38. Rxe6 Rxe6 39. Qd7+ 1-0

[Event "ch-city"]
[Site "Milanowek"]
[Date "2012.07.03"]
[Round "4.6"]
[White "Rogalski, Krzysztof"]
[Black "Borowski, Marek"]
[Result "1-0"]
[WhiteElo "1855"]
[BlackElo "1587"]
[PlyCount "89"]
[EventDate "2012.06.30"]
[EventType "swiss"]
[EventCountry "POL"]

1. d4 d5 2. c4 c6 3. Nf3 Nf6 4. Nc3 dxc4 5. a4 Bf5 6. e3 e6 7. Bxc4 Bb4 8. O-O
O-O 9. Qe2 Nbd7 10. e4 Bg4 11. h3 Bh5 12. g4 Bxc3 13. bxc3 Bg6 14. Nh4 Nxe4 15.
Nxg6 Nxc3 16. Qc2 hxg6 17. Qxc3 Nb6 18. Bb3 Nd5 19. Qd3 Rc8 20. Bd2 Qh4 21. Kg2
f5 22. Qg3 Qf6 23. Qd3 fxg4 24. hxg4 Rcd8 25. Qe4 Nc7 26. Be3 Nd5 27. Rad1 Rde8
28. Rd3 g5 29. Bd2 Nf4+ 30. Bxf4 gxf4 31. Re1 g6 32. Qe5 Kf7 33. Rh3 Qxe5 34.
Rxe5 Kf6 35. g5+ Kg7 36. Rxe6 Rxe6 37. Bxe6 Rd8 38. Rd3 Rd6 39. Bc4 a6 40. a5
Rd8 41. Kf3 Rf8 42. d5 cxd5 43. Rxd5 Rc8 44. Bd3 Rc1 45. Kxf4 1-0

[Event "ch-city"]
[Site "Milanowek"]
[Date "2012.07.03"]
[Round "4.7"]
[White "Fraczek, Lukasz"]
[Black "Kowalska, Elzbieta"]
[Result "1/2-1/2"]
[WhiteElo "1557"]
[BlackElo "1944"]
[PlyCount "39"]
[EventDate "2012.06.30"]
[EventType "swiss"]
[EventCountry "POL"]

1. e4 c5 2. Nc3 Nc6 3. f4 g6 4. Nf3 Bg7 5. Bc4 e6 6. O-O Nge7 7. d3 O-O 8. Be3
d6 9. d4 d5 10. exd5 exd5 11. Bb5 Nf5 12. Bf2 Ncxd4 13. Bd3 Nxf3+ 14. Qxf3 d4
15. Ne4 Qc7 16. b3 Bd7 17. g4 Ne3 18. Bxe3 dxe3 19. Rae1 f5 20. Ng5 1/2-1/2